| 000 | 02605cam a2200409 i 4500 | ||
|---|---|---|---|
| 999 |
_c41687 _d41687 |
||
| 001 | 17939299 | ||
| 003 | OSt | ||
| 005 | 20221102151142.0 | ||
| 008 | 131106t20152015maua 000 0 eng | ||
| 010 | _a 2013044683 | ||
| 020 | _a9789332587441 | ||
| 020 | _a9780321918550 | ||
| 020 | _a032191855X | ||
| 035 | _a(DNLM)101619767 | ||
| 040 |
_aDNLM/DLC _beng _cDLC _erda _dDLC |
||
| 042 | _apcc | ||
| 050 | 0 | 0 |
_aQR41.2 _b.B383 2015 |
| 060 | 1 | 0 | _aQW 4 |
| 082 | 0 | 0 |
_a579 _223 _bBAU/M |
| 100 |
_aRobert W. Bauman _eauthor. _99217 |
||
| 245 | 1 | 0 |
_aMicrobiology : _bwith diseases by body system / _cRobert W. Bauman, Ph. D., Amarillo College ; clinical consultants, Cecily D. Cosby, Ph. D., FNP-C, PA-C, Samuel Merritt College, Janet Fulks, Ed. D., Bakersfield College, John M. Lammert, Gustavus Adolphus College ; contributions by Elizabeth Machunis-Masuoka, Ph. D., University of Virginia, Jean E. Montgomery, Austin Community College. |
| 250 | _aFourth edition. | ||
| 264 | 1 |
_aBoston : _bPearson, _c[2015] |
|
| 264 | 4 | _c©2015 | |
| 300 |
_a937 pages _billustrations ; _c28 cm |
||
| 336 |
_atext _2rdacontent |
||
| 337 |
_aunmediated _2rdamedia |
||
| 338 |
_avolume _2rdacarrier |
||
| 505 | 0 | _aA brief history of microbiology -- The chemistry of microbiology -- Cell structure and function -- Microscopy, staining, and classification -- Microbial metabolism -- Microbial nutrition and growth -- Microbial genetics -- Recombinant DNA technology -- Controlling microbial growth in the environment -- Controlling microbial growth in the body: antimicrobial drugs -- Characterizing and classifying prokaryotes -- Characterizing and classifying eukaryotes -- Characterizing and classifying viruses, viroids, and prions -- Infection, infectious diseases, and epidemiology -- Innate immunity -- Adaptive immunity -- Immunization and immune testing -- AIDS and other immune disorders -- Microbial diseases of the skin and wounds -- Microbial diseases of the nervous system and eyes -- Microbial cardiovascular and systemic diseases -- Microbial diseases of the respiratory system -- Microbial diseases of the digestive system -- Microbial diseases of the urinary and reproductive systems -- Applied and environmental microbiology. | |
| 650 | 0 |
_aMicrobiology _vTextbooks. |
|
| 650 | 1 | 2 | _aMicrobiological Phenomena. |
| 650 | 2 | 2 |
_aCommunicable Diseases _xmicrobiology. |
| 650 | 2 | 2 |
_aMicrobiological Techniques _xmethods. |
| 906 |
_a7 _bcbc _corignew _d1 _eecip _f20 _gy-gencatlg |
||
| 942 |
_2ddc _cBK _h579 _iBAU/M _k579 _mBAU/M |
||